Theory into practice
Na minha lista:
| Formato: | Periódico |
|---|---|
| Idioma: | inglês |
| Publicado em: |
Columbus
Ohio State University
|
| Assuntos: | |
| Tags: |
Sem tags, seja o primeiro a adicionar uma tag!
|
MARC
| LEADER | 00000nas1a2200000 4500 | ||
|---|---|---|---|
| 001 | s122635 | ||
| 005 | 20041019155351.0 | ||
| 041 | 0 | |a eng | |
| 044 | |a US | ||
| 245 | 1 | 0 | |a Theory into practice |
| 264 | 1 | |a Columbus |b Ohio State University | |
| 610 | 2 | 0 | |a školy vysoké |